000 01435cam a22001815a 4500
001 L155370
008 120320s1770 xxk f 000 0 eng d
035 _a(Sirsi) u155370
041 0 _aeng
100 1 _aBacon, Matthew
_dfl. 1730
245 0 4 _aThe compleat arbitrator
_bor the law of awards; containing, I. Plain and easy directions to all kinds of arbitrators; what Matters may be submitted to Arbitration, and in what Manner. II. The nature and different kinds of submissions, the Parties to the Submission, and the Office and Duty of Arbitrators and Umpires. III. Of the right manner of making and delivering up awards; and how Awards have been construed in Equity. IV. The manner of making and enforcing the performance of awards, when the Submission has been made a Rule of Court; and the right Method of setting forth and pleading Awards. By Matthew Bacon, Esq; of the Middle Temple, (author of the New Abridgment of the Law, in 5 vols.) The third edition, with precedents of submissions, awards and pleadings in English; to which is added a large table of the principal matters.
260 _aLondon
_bprinted by his Majesty's law-printers; for J. Worrall and B. Tovey, at the Dove in Bell-Yard near Lincoln's Inn
_cMDCCLXX. [1770]
300 _avi, [6], 281, [43] p.
_c8o
583 _aCondition reviewed
_c20120620
_lcondition level 1
651 4 _aGreat Britain
_y1707-
690 _aDispute resolution
_96236
942 _n0
999 _c113514
_d113514